| 000 | 01447nam a2200361 i 4500 | ||
|---|---|---|---|
| 001 | 000023902 | ||
| 003 | DO-SdBPM | ||
| 005 | 20260514085136.0 | ||
| 006 | a||||gr|||| 00| 0 | ||
| 007 | ta | ||
| 008 | 110117m1985 dr a 000 0 spa d | ||
| 040 |
_aDO-SdBPM _bspa _cBPMSU _erda |
||
| 082 | 0 | 4 |
_a741.5 _bB828c 1985 _222 |
| 100 | 1 |
_aBrea Franco, Julio. _eautor _4aut. |
|
| 245 | 1 | 3 |
_aEl Congreso, las leyes y la participación ciudadana / _cJulio Brea Franco, José del Castillo, Hugo Tolentino Dipp ; adaptación e ilustración J. Sing |
| 246 | 1 | 3 | _aEl ciudadano y el Congreso |
| 264 |
_aSanto Domingo : _bEditora Tele 3, _c1985. |
||
| 300 |
_a93 páginas : _bIlustraciones ; _c21 cm. |
||
| 336 |
_2rdacontent _atexto _btxt |
||
| 337 |
_2rdamedia _asin mediación _bn |
||
| 338 |
_2rdacarrier _avolumen _bnc |
||
| 590 | _aInventariado, 2026 /VM | ||
| 650 | 7 |
_aDemocracia _zRepública Dominicana _xTiras cómicas, historietas, etc. |
|
| 650 | 7 |
_aParticipación comunitaria _xTiras cómicas, historietas, etc. |
|
| 650 | 7 |
_aElecciones _xTiras cómicas, historietas, etc. |
|
| 650 | 7 |
_aProblemas sociales _xTiras cómicas, historietas, etc _zRepública Dominicana |
|
| 700 | 1 |
_aCastillo, José del _eautor |
|
| 700 | 1 |
_aSing, J. _eadaptación e Islustración |
|
| 700 | 1 |
_aTolentino Dipp, Hugo, _d1930-2019 |
|
| 710 | 1 |
_aRepública Dominicana _bCongreso Nacional |
|
| 910 | _aVMateo V. Control de calidad. BPMSU | ||
| 942 |
_2ddc _cBK |
||
| 999 |
_c7602 _d7602 |
||